Κατάλογος Βιβλιοθηκών Mediterranean College

Total Business Success / Ένας Πρακτικός Οδηγός Επιβίωσης για Επιχειρήσεις: Β' Έκδοση (Record no. 3384)

MARC details
000 -LEADER
fixed length control field 02493cam a22002294a 4500
005 - ΗΜΕΡΟΜΗΝΙΑ ΚΑΙ ΩΡΑ ΤΕΛΕΥΤΑΙΑΣ ΕΝΗΜΕΡΩΣΗΣ
Πεδίο ελέγχου 20250605164114.0
008 - FIXED-LENGTH DATA ELEMENTS--GENERAL INFORMATION
Πεδίο ελέγχου σταθερού μήκους 250528s ||||||||||||||||||||||||d
035 ## - SYSTEM CONTROL NUMBER
System control number 17990
020 ## - ISBN
ISBN 9789603519478
040 ## - ΠΗΓΗ ΚΑΤΑΛΟΓΟΓΡΑΦΗΣΗΣ
Φορέας πρωτότυπης καταλογογράφησης MC Athens Campus Library
Γλώσσα καταλογογράφησης Ελληνικά, Μοντέρνα (1453-)
Modifying agency MC Athens Campus Library
Κανόνες περιγραφικής καταλογογράφησης AACR2
245 1# - ΤΙΤΛΟΣ ΚΑΙ ΔΗΛΩΣΗ ΥΠΕΥΘΥΝΟΤΗΤΑΣ
Τίτλος Total Business Success / Ένας Πρακτικός Οδηγός Επιβίωσης για Επιχειρήσεις: Β' Έκδοση
250 ## - EDITION STATEMENT
Edition statement
260 ## - PUBLICATION, DISTRIBUTION, ETC.
Name of publisher, distributor, etc. Σταμούλης Α,
Date of publication, distribution, etc. 2007
300 ## - PHYSICAL DESCRIPTION
Extent 232
520 ## - SUMMARY, ETC.
Summary, etc. Το παρόν βιβλίο αποτελεί ένα χρήσιμο και πρακτικό εργαλείο στη σύγχρονη επιχειρηματική πρακτική μιας τυπικής ελληνικής επιχείρησης. Εισαγωγή, Οι Προϋποθέσεις, Ενόραση και Όραμα, Πώς Διαχειρίζομαι το Αυτονόητο, Καινοτομία κα Δημιουργικότητα, Πώς Διαχειρίζομαι τις Ιδέες, Ψυχραιμία και Ευάγχος, Πώς Διαχειρίζομαι τις Αλλαγές, Η Δράση, Ιχύς και Έλξη, Πώς θα Δημιουργήσω Ενδιαφέρον, Λύσεις και Δυνατότητες, Πώς θα με Επιλέξουν, Φροντίδα και Ποιότητα, Πώς θα τους Κάνω να με Εκτιμήσουν, Τοποθέτηση και Ταυτότητα, Πώς θα Ξεχωρίσω, Οικονομική Αντοχή και Κερδοϊκανότητα, Πώς Διατηρούμαι Οικονομικά Υγιής, Η Προετοιμασία, Συμμετοχή και Κίνητρα, Οι Άνθρωποι μου: Η Δύναμη μου, Προσανατολισμός και Σχέδιο, Κάνω το Πρόγραμμα Πράξη, Το Σύστημα για μια Δημιουργική Ολιστική Επιχειρηματική Δράση από τις Μικρές και Μεσαίες Επιχειρήσεις, Οι Μικρές και Μεσαίες Επιχειρήσεις στην Ελλάδα: Το Τώρα και το Μέλλον, Το Μεγάλο Στοίχημα των Μικρών και Μεσαίων Επιχειρήσεων Σήμερα, Βιβλιογραφία.
700 1# - ΠΡΟΣΘΕΤΗ ΑΝΑΓΡΑΦΗ--ΦΥΣΙΚΟ ΠΡΟΣΩΠΟ
Personal name Ζαΐρης Αντώνης
9 (RLIN) 4317
700 1# - ΠΡΟΣΘΕΤΗ ΑΝΑΓΡΑΦΗ--ΦΥΣΙΚΟ ΠΡΟΣΩΠΟ
Personal name Μίχαλος Κωνσταντίνος
9 (RLIN) 4319
700 1# - ΠΡΟΣΘΕΤΗ ΑΝΑΓΡΑΦΗ--ΦΥΣΙΚΟ ΠΡΟΣΩΠΟ
Personal name Σταμάτης Γιώργος
9 (RLIN) 4318
942 ## - ADDED ENTRY ELEMENTS (KOHA)
Koha item type Books
Holdings
Τύπος τεκμηρίου Βιβλιοθήκη Τρέχουσα τοποθεσία Barcode Αριθμός εισαγωγής Ημερομηνία απόκτησης Ταξιθετικό σύμβολο Αριθμός αντιτύπου Κατάσταση απόσυρσης Κατάσταση χαμένου Κατάσταση κατεστραμμένου Μη δανεισμός Σύνολο δανεισμών Ημερομηνία τελευταίας εμφάνισης Η τιμή ισχύει από
Books MC Athens Campus Library MC Athens Campus Library 9780000033833 7467 05/06/2025 658.85 ZAI 1           05/06/2025 05/06/2025

MC Athens Campus Library
Πατησίων 94 & Κοδριγκτώνος 13, 104 34
Πελλήνης 8 & Πατησίων 107, 112 51
Τ: +30 210 8899600

MC Thessaloniki Campus Library
Ίωνος Δραγούμη 21, 54625 | Ίωνος Δραγούμη 15, 54625
Τ: +30 2310 287779 – Τ: +30 2314 440300